Statistiques concernant Devinez le Pays Mystère #84

Cliquez ici pour prendre le quiz!

Statistiques générales

  • Ce quiz a été pris 257 fois
  • Le résultat moyen est 12 sur 17

Statistiques - réponses

Type de RéponseRéponse% Correct
Lettre TrouvéeA
96%
Lettre TrouvéeE
94%
Lettre Bien PlacéeE
93%
Lettre TrouvéeO
93%
Lettre TrouvéeM
82%
Lettre TrouvéeG
81%
Lettre TrouvéeB
78%
Lettre TrouvéeD
70%
Lettre Bien PlacéeA
68%
Lettre TrouvéeC
64%
Lettre Bien PlacéeO
61%
Lettre Bien PlacéeC
59%
Lettre Bien PlacéeM
56%
Lettre Bien PlacéeB
54%
Lettre Bien PlacéeD
54%
Pays MystèreCambodge
52%
Lettre Bien PlacéeG
52%

Distribution des résultats

Percentile par nombre de réponses

% des personnes avec chaque résultat

Votre développement - résultats

Vous n’avez pas pris ce quiz